00641nam a2200193Ia 4500008004100000020001800041082001400059100001600073245005300089250000700142260004000149300002300189500001900212600003300231650001500264942000700279952014400286999001700430240925s9999 xx 000 0 und d a9788184006407 a158.1 SET aSeth, Suhel 0aGet to the Top: the ten rules for social success aNA aUnited States:bEbury Pressc,2014. a518p.b0fOriginal aIncludes Index aHumanities & Natural Science aPsychology cBK 001040708HUMaUITUbUITUd2019-07-01eAllied Book Companyg499.20l1o158.1 SETpQ14878r2025-12-09 10:52:29s2025-12-03w0000-00-00yBK c17377d17377